000 01847nam0a2200373 4500
001 RU\NLR\bibl\1800631
005 20240726020256.0
020 _aRU
_b10-1978
_9Летопись авторефератов диссертаций
021 _aRU
_b2010-27393а
_91096аа
035 _a(NLR Aleph) 001791301
090 _a1759099
_c1759099
100 _a20110727d2010 u u0rusy50 ca
101 0 _arus
102 _aRU
105 _ay dm |||||
135 _acrgn 008aaaba
200 1 _aУголовная преступность и борьба с нею в годы Великой Отечественной войны 1941-1945 гг.
_e(по материалам Ярославской области)
_eавтореферат диссертации на соискание ученой степени кандидата исторических наук
_eспециальность 07.00.02 <Отечественная история>
_fТумаков Денис Васильевич
_g[Яросл. гос. ун-т им. П. Г. Демидова]
210 _aЯрославль
_d2010
215 _a23 с.
_d21
320 _aБиблиогр.: с. 22-23 (10 назв.)
325 _aКопия доступна в Электрон. б-ке РНБ
610 0 _aЯрославская обл., ист. науки
675 _a94(47)
_v3
_zrus
686 _a03.19
_2rugasnti
686 _a63.3(2)
_2rubbk
686 _a07.00.02
_2oksvnk
700 1 _aТумаков
_bД. В.
_gДенис Васильевич
_4070
801 0 _aRU
_bRKP
_c20110727
_gPSBO
801 1 _aRU
_bRKP
_c20110727
801 2 _aRU
_bNLR
_c20110818
_grcr
901 _eАвторефераты
942 _cBOOK
981 1 0 _a(10) Авторефераты